| 000 | 01094nam a22002777a 4500 | ||
|---|---|---|---|
| 003 | EG-ScBUE | ||
| 005 | 20221009095216.0 | ||
| 008 | 090909s1998 ua f 000 0 ara d | ||
| 017 | _a1998 / 7934 | ||
| 020 | _a9770157058 | ||
| 040 |
_aEG-ScBUE _bara _erda _cEG-ScBUE _dEG-ScBUE |
||
| 041 | 1 |
_aara _heng |
|
| 082 | 0 | 4 |
_222 _a701 _bر ي د |
| 100 | 1 |
_98760 _aريد، هربرت، _cالسير، _d1893-1968، _eمؤلف. |
|
| 245 | 1 | 0 |
_aمعنى الفن / _cتأليف هربرت ريد ؛ ترجمة سامي خشبة ؛ مراجعة مصطفى حبيب. |
| 264 | 1 |
_aالقاهرة : _bالهيئة المصرية العامة للكتاب، _c1998. |
|
| 300 |
_a175 ؛ صفحة _c18 سم. |
||
| 490 | 0 |
_aمكتبة الأسرة. _aالأعمال الفكرية |
|
| 546 | _aالنص باللغة العربية وتم ترجمته من اللغة الإنجليزية. | ||
| 650 | 7 |
_98761 _aالفن _xفلسفة. _2BUEsh |
|
| 653 | _bART | ||
| 655 | _vReading book | ||
| 700 | 1 |
_aخشبة، سامي، _eمترجم. |
|
| 700 | 1 |
_aحبيب، مصطفى، _eمراجع. |
|
| 942 |
_2ddc _cBB |
||
| 999 |
_c12767 _d12767 |
||